Biblioteca

Wonderfully made (10): The Short-tailed Shearwater or Mutton bird (Registro nro. 62720)

Detalles MARC
000 -LÍDER
Campo fijo de descripción fija 003440000a22001210004500
100 1# - ASIENTO PRINCIPAL--NOMBRE PERSONAL
Nombre personal Mackay, William M.
245 10 - TÍTULO
Título del Material Wonderfully made (10): The Short-tailed Shearwater or Mutton bird
300 ## - DESCRIPCIÓN FÍSICA
Extensión (Octubre 2005), Página 2
500 ## - NOTA GENERAL
Nota General El milagro de la migración.
650 14 - ASIENTO SECUNDARIO DE MATERIA - TERMINO TEMÁTICO
Término temático o nombre geográfico como elemento de entrada PÁJAROS
773 0# - HOST ITEM ENTRY
Title The Presbyterian Banner
942 ## - TIPO DE MATERIAL (KOHA)
Tipo de Item KOHA Artículos de Revista
Existencias
Estado de Material Estado de Perdido Estado de Dañado No para Préstamo Colección Biblioteca de Origen Biblioteca Permanente Fecha de Adquisición Total de Préstamos Signatura Topográfica Última vez visto Fecha de Remplazo Tipo de Material
        Colección de Hemeroteca Biblioteca FUSBC Biblioteca FUSBC 26/01/2016   26/01/2016 26/01/2016 Artículos de Revista

Biblioteca FUSBC | Teléfono: (57+4) 349 88 10 Ext. 141| WhatsApp (+57) 3005338115 
E-mail: biblioteca@unisbc.edu.co | Calle 76 87-14 Robledo Palenque, Medellín, Colombia

Con tecnología Koha